Bhulian Yadain / (Record no. 526523)

000 -LEADER
fixed length control field 00484nam a22001817a 4500
003 - CONTROL NUMBER IDENTIFIER
control field NUST
005 - DATE AND TIME OF LATEST TRANSACTION
control field 20190712111637.0
038 ## - RECORD CONTENT LICENSOR
Staff Name waseem
082 ## - DEWEY DECIMAL CLASSIFICATION NUMBER
Classification number 891.421
Author Mark QAS
100 ## - MAIN ENTRY--PERSONAL NAME
Personal name Qasim, Abdul Waheed
9 (RLIN) 17540
245 ## - TITLE STATEMENT
Title Bhulian Yadain /
Statement of responsibility, etc. Abdul Waheed Qasim
260 ## - PUBLICATION, DISTRIBUTION, ETC.
Place of publication, distribution, etc. Lahore :
Name of publisher, distributor, etc. Maqsood Publisher,
Date of publication, distribution, etc. 2003.
300 ## - PHYSICAL DESCRIPTION
Extent 95 p. ;
500 ## - GENERAL NOTE
General note Hardcover.
880 ## - ALTERNATE GRAPHIC REPRESENTATION
Linkage 100-01\r
Title غبدالوحید قاسم
880 ## - ALTERNATE GRAPHIC REPRESENTATION
Linkage 245-02\r
Title بھلیاں یاداں /
942 ## - ADDED ENTRY ELEMENTS (KOHA)
Source of classification or shelving scheme
Koha item type Book
Holdings
Withdrawn status Lost status Source of classification or shelving scheme Damaged status Not for loan Permanent Location Current Location Date acquired Total Checkouts Full call number Barcode Date last seen Price effective from Koha item type
          Central Library (CL) Central Library (CL) 07/12/2019   891.421 QAS CL-E-287 07/12/2019 07/12/2019 Book
© 2023 Central Library, National University of Sciences and Technology. All Rights Reserved.